| 000 | 00884nam a2200289Ia 4500 | ||
|---|---|---|---|
| 003 | OSt | ||
| 005 | 20220912151500.0 | ||
| 006 | a|||||r|||| 00| 0 | ||
| 007 | ta | ||
| 008 | 220909b |||||||| |||| 00| 0 eng d | ||
| 024 | _a33252 | ||
| 037 | _cTextual | ||
| 040 |
_aCSL _beng _cCSL |
||
| 041 | _aeng | ||
| 082 | _aC9D1,6:21, N0 | ||
| 100 | _aBednorz J G Ed. | ||
| 111 | _aInternational conference on earlier and recent aspects of superconductivity (1989 : Erice) | ||
| 245 | 0 | _aearlier and recent aspects of superconductivity | |
| 260 |
_aBerlin _bSpringer-verlag _c1990 |
||
| 300 |
_a529p. _ccm. |
||
| 490 | _aSoringer series in solid-state science; 90 | ||
| 650 | _a Statistical mechanics | ||
| 650 | _aPhysics | ||
| 700 | _a Muller K A Ed. | ||
| 942 |
_hC9D1,6:21, N0 _cTEXL _2CC |
||
| 999 |
_c69556 _d69556 |
||